书目信息 |
| 题名: |
我的健康我做主
|
|
| 作者: | 杨晓光 , 赵春媛 主编 | |
| 分册: | 上篇 会吃会喝促健康 | |
| 出版信息: | 北京 人民军医出版社 2009.01 |
|
| 页数: | 179页 | |
| 开本: | 23cm | |
| 丛书名: | ||
| 单 册: | ||
| 中图分类: | R161 , R151.3 | |
| 科图分类: | ||
| 主题词: | 食品营养--shi pin ying yang--基本知识 , 保健--bao jian--基本知识 | |
| 电子资源: | ||
| ISBN: | 978-7-5091-2378-2 | |
| 000 | 00991nam0 2200277 450 | |
| 001 | 012009685297 | |
| 005 | 20091226101454.34 | |
| 010 | @a978-7-5091-2378-2@dCNY25.00 | |
| 100 | @a20091226d2009 em y0chiy0120 ea | |
| 101 | 0 | @achi |
| 102 | @aCN@b110000 | |
| 105 | @ay z 000yy | |
| 106 | @ar | |
| 200 | 1 | @a我的健康我做主@Awo de jian kang wo zuo zhu@h上篇@i会吃会喝促健康@f杨晓光,赵春媛主编@Fyang xiao guang,zhao chun yuan zhu bian |
| 210 | @a北京@c人民军医出版社@d2009.01 | |
| 215 | @a179页@d23cm | |
| 330 | @a本书介绍了应该怎样呵护自己的健康、延长自己的生命。包括吃与健康、喝与健康。内容贴近生活,符合现代人的实际情况。 | |
| 517 | 1 | @a会吃会喝促健康@Ahui chi hui he cu jian kang |
| 606 | 0 | @a食品营养@Ashi pin ying yang@x基本知识 |
| 606 | 0 | @a保健@Abao jian@x基本知识 |
| 690 | @aR161@v4 | |
| 690 | @aR151.3@v4 | |
| 701 | 0 | @a杨晓光@Ayang xiao guang@4主编 |
| 701 | 0 | @a赵春媛@Azhao chun yuan@4主编 |
| 801 | 0 | @aCN@bQSSK@c20091226 |
| 905 | @b768578-80@dR161@eY301:1@f3 | |
| 我的健康我做主.上篇.会吃会喝促健康/杨晓光,赵春媛主编.-北京:人民军医出版社,2009.01 |
| 179页;23cm |
| ISBN 978-7-5091-2378-2:CNY25.00 |
| 本书介绍了应该怎样呵护自己的健康、延长自己的生命。包括吃与健康、喝与健康。内容贴近生活,符合现代人的实际情况。 |
| ● |
| 相关链接 |
|
|
|
正题名:我的健康我做主
索取号:R161/Y301:1
 
预约/预借
| 序号 | 登录号 | 条形码 | 馆藏地/架位号 | 状态 | 备注 |
| 1 | 768578 | 207685780 | 自科库401/401自科库 4排4列5层/ [索取号:R161/Y301:1] | 在馆 | |
| 2 | 768579 | 207685799 | 自科库401/401自科库 4排4列5层/ [索取号:R161/Y301:1] | 在馆 | |
| 3 | 768580 | 207685806 | 自科库401/401自科库 4排4列5层/ [索取号:R161/Y301:1] | 在馆 |